[Event "Deutsche Ländermeisterschaft 2019"]
[Site "Würzburg GER"]
[Date "2019.10.04"]
[Round "5"]
[White "Dahl, Christoph"]
[Black "Goldbeck, Lars"]
[Result "0-1"]
[Termination "normal"]
[Board "3.3"]
[WhiteElo "2178"]
[BlackElo "2193"]
[WhiteClock "00:53:45"]
[BlackClock "00:03:04"]
[WhiteTeam "Sachsen"]
[BlackTeam "Bayern 1"]
[PlyCount "156"]
[WhiteFideId "16240235"]
[BlackFideId "16208188"]
[EventCountry "GER"]
[EventRounds "7"]
[EventType "team-swiss"]
[EventDate "2019.10.01"]

1. e4 {[%clk 1:30:57]} c6 {[%clk 1:30:54]} 2. d4 {[%clk 1:31:10]} d5 {[%clk
1:31:22]} 3. e5 {[%clk 1:31:36]} c5 {[%clk 1:30:51]} 4. dxc5 {[%clk 1:31:26]}
e6 {[%clk 1:31:15]} 5. Nf3 {[%clk 1:31:24]} Bxc5 {[%clk 1:31:06]} 6. Bd3 {[%clk
1:30:59]} Ne7 {[%clk 1:31:24]} 7. O-O {[%clk 1:30:27]} Nbc6 {[%clk 1:31:08]} 8.
c3 {[%clk 1:29:33]} Ng6 {[%clk 1:29:24]} 9. Qe2 {[%clk 1:28:47]} Bd7 {[%clk
1:26:34]} 10. Bg5 {[%clk 1:28:28]} Qc7 {[%clk 1:26:32]} 11. Re1 {[%clk
1:28:14]} Rc8 {[%clk 1:17:51]} 12. Na3 {[%clk 1:23:54]} Bxa3 {[%clk 1:11:33]}
13. bxa3 {[%clk 1:24:23]} Na5 {[%clk 1:08:12]} 14. h4 {[%clk 1:22:12]} h6
{[%clk 1:06:35]} 15. Bd2 {[%clk 1:19:58]} Ne7 {[%clk 1:03:52]} 16. Nd4 {[%clk
1:17:22]} Nc4 {[%clk 1:01:26]} 17. Bc1 {[%clk 1:12:42]} Qa5 {[%clk 0:57:27]}
18. Bxc4 {[%clk 1:12:34]} Rxc4 {[%clk 0:56:45]} 19. Bb2 {[%clk 1:12:36]} Qd8
{[%clk 0:51:21]} 20. g3 {[%clk 1:09:33]} O-O {[%clk 0:49:42]} 21. Rac1 {[%clk
1:04:13]} a6 {[%clk 0:44:23]} 22. Nf3 {[%clk 0:59:17]} Bb5 {[%clk 0:43:41]} 23.
Qc2 {[%clk 0:57:51]} Nf5 {[%clk 0:42:45]} 24. Qd1 {[%clk 0:56:41]} d4 {[%clk
0:29:34]} 25. Nxd4 {[%clk 0:50:36]} Nxd4 {[%clk 0:29:11]} 26. cxd4 {[%clk
0:51:04]} Rxc1 {[%clk 0:28:51]} 27. Qxc1 {[%clk 0:51:15]} Qd5 {[%clk 0:28:59]}
28. Qc5 {[%clk 0:51:35]} Qxa2 {[%clk 0:29:02]} 29. Bc3 {[%clk 0:50:11]} Bc6
{[%clk 0:28:06]} 30. Bb4 {[%clk 0:44:58]} Rd8 {[%clk 0:22:44]} 31. Qc3 {[%clk
0:44:16]} Qd5 {[%clk 0:21:59]} 32. f3 {[%clk 0:44:41]} b6 {[%clk 0:17:51]} 33.
Rc1 {[%clk 0:44:16]} Bb7 {[%clk 0:17:58]} 34. Qe3 {[%clk 0:44:33]} Qxd4 {[%clk
0:09:03]} 35. Qxd4 {[%clk 0:44:51]} Rxd4 {[%clk 0:09:31]} 36. Kf2 {[%clk
0:45:10]} a5 {[%clk 0:09:36]} 37. Be1 {[%clk 0:45:34]} g5 {[%clk 0:05:00]} 38.
hxg5 {[%clk 0:45:40]} hxg5 {[%clk 0:05:30]} 39. Rb1 {[%clk 0:42:50]} Rd3 {[%clk
0:03:53]} 40. Rxb6 {[%clk 0:43:09]} Bd5 {[%clk 0:02:37]} 41. f4 {[%clk
0:40:27]} Rxa3 {[%clk 0:02:03]} 42. fxg5 {[%clk 0:40:06]} Kg7 {[%clk 0:00:48]}
43. Ra6 {[%clk 0:39:41]} a4 {[%clk 0:29:30]} 44. Bb4 {[%clk 1:10:16]} Rf3+
{[%clk 0:28:25]} 45. Ke1 {[%clk 1:10:01]} Bb3 {[%clk 0:22:26]} 46. Be7 {[%clk
1:08:12]} Kg6 {[%clk 0:20:40]} 47. Ke2 {[%clk 1:07:49]} Rxg3 {[%clk 0:18:08]}
48. Ra8 {[%clk 1:08:12]} Kf5 {[%clk 0:10:28]} 49. Rf8 {[%clk 1:07:46]} a3
{[%clk 0:09:58]} 50. Rxf7+ {[%clk 1:07:40]} Ke4 {[%clk 0:10:12]} 51. Bxa3
{[%clk 1:01:11]} Bc4+ {[%clk 0:10:26]} 52. Kf2 {[%clk 1:01:37]} Rxa3 {[%clk
0:05:20]} 53. g6 {[%clk 1:02:02]} Ra8 {[%clk 0:05:42]} 54. g7 {[%clk 1:02:18]}
Rg8 {[%clk 0:06:04]} 55. Kg3 {[%clk 1:02:38]} Kxe5 {[%clk 0:06:11]} 56. Kg4
{[%clk 0:56:53]} Kd6 {[%clk 0:05:27]} 57. Kg5 {[%clk 0:57:38]} e5 {[%clk
0:05:56]} 58. Ra7 {[%clk 0:57:24]} e4 {[%clk 0:04:43]} 59. Kf6 {[%clk 0:53:44]}
e3 {[%clk 0:04:40]} 60. Re7 {[%clk 0:54:10]} e2 {[%clk 0:04:52]} 61. Re5 {[%clk
0:54:36]} Kd7 {[%clk 0:04:02]} 62. Re4 {[%clk 0:53:52]} Bd3 {[%clk 0:03:17]}
63. Re6 {[%clk 0:52:40]} Bb5 {[%clk 0:02:41]} 64. Re4 {[%clk 0:52:15]} Bd3
{[%clk 0:01:45]} 65. Re6 {[%clk 0:51:58]} Kc7 {[%clk 0:02:14]} 66. Re3 {[%clk
0:51:08]} Bc4 {[%clk 0:02:12]} 67. Re4 {[%clk 0:50:42]} Kd6 {[%clk 0:02:07]}
68. Re5 {[%clk 0:51:08]} Ra8 {[%clk 0:02:04]} 69. Kf5 {[%clk 0:51:28]} Ra5
{[%clk 0:01:56]} 70. Rxa5 {[%clk 0:51:38]} e1=Q {[%clk 0:02:24]} 71. Ra6+
{[%clk 0:51:51]} Kc5 {[%clk 0:02:16]} 72. Rg6 {[%clk 0:52:02]} Qf2+ {[%clk
0:02:22]} 73. Kg5 {[%clk 0:52:09]} Qg3+ {[%clk 0:02:41]} 74. Kf6 {[%clk
0:52:28]} Qd6+ {[%clk 0:02:48]} 75. Kg5 {[%clk 0:52:52]} Qe5+ {[%clk 0:02:53]}
76. Kh6 {[%clk 0:53:16]} Qf4+ {[%clk 0:02:45]} 77. Kh7 {[%clk 0:53:23]} Qh4+
{[%clk 0:02:47]} 78. Rh6 {[%clk 0:53:45]} Bd3+ {[%clk 0:03:04]} 0-1

[Event "Deutsche Ländermeisterschaft 2019"]
[Site "Würzburg GER"]
[Date "2019.10.04"]
[Round "5"]
[White "Arnhold, Steffi"]
[Black "Hetzner, Hannes"]
[Result "1-0"]
[Termination "normal"]
[Board "3.5"]
[WhiteElo "2048"]
[BlackElo "1996"]
[WhiteClock "00:19:00"]
[BlackClock "00:28:22"]
[WhiteTeam "Sachsen"]
[BlackTeam "Bayern 1"]
[PlyCount "101"]
[WhiteFideId "12931365"]
[BlackFideId "16211936"]
[EventCountry "GER"]
[EventRounds "7"]
[EventType "team-swiss"]
[EventDate "2019.10.01"]

1. e4 {[%clk 1:30:58]} e6 {[%clk 1:30:51]} 2. d4 {[%clk 1:31:22]} d5 {[%clk
1:31:15]} 3. Nc3 {[%clk 1:31:46]} Bb4 {[%clk 1:31:27]} 4. e5 {[%clk 1:32:02]}
c5 {[%clk 1:31:51]} 5. a3 {[%clk 1:32:12]} Bxc3+ {[%clk 1:32:14]} 6. bxc3
{[%clk 1:32:31]} Ne7 {[%clk 1:32:36]} 7. Bd3 {[%clk 1:32:47]} Qc7 {[%clk
1:31:36]} 8. Qg4 {[%clk 1:32:35]} cxd4 {[%clk 1:30:02]} 9. Ne2 {[%clk 1:32:32]}
dxc3 {[%clk 1:28:40]} 10. Qxg7 {[%clk 1:22:12]} Rg8 {[%clk 1:28:33]} 11. Qxh7
{[%clk 1:22:35]} Qxe5 {[%clk 1:27:53]} 12. Bf4 {[%clk 1:19:51]} Qf6 {[%clk
1:27:50]} 13. Qh5 {[%clk 1:11:52]} Nbc6 {[%clk 1:17:40]} 14. h4 {[%clk
1:04:54]} Bd7 {[%clk 1:08:55]} 15. Bg5 {[%clk 0:58:57]} Qe5 {[%clk 1:07:15]}
16. Qf3 {[%clk 0:52:34]} Nd4 {[%clk 0:58:54]} 17. Qf6 {[%clk 0:50:21]} Qxf6
{[%clk 0:58:33]} 18. Bxf6 {[%clk 0:50:44]} Nxe2 {[%clk 0:58:46]} 19. Kxe2
{[%clk 0:50:48]} Rg4 {[%clk 0:49:23]} 20. h5 {[%clk 0:47:42]} Ng8 {[%clk
0:48:53]} 21. Bxc3 {[%clk 0:47:24]} Nh6 {[%clk 0:41:31]} 22. Bd2 {[%clk
0:44:51]} Nf5 {[%clk 0:41:03]} 23. Kf3 {[%clk 0:37:41]} Rg8 {[%clk 0:39:05]}
24. Bxf5 {[%clk 0:34:00]} exf5 {[%clk 0:39:22]} 25. h6 {[%clk 0:33:41]} f6
{[%clk 0:33:53]} 26. h7 {[%clk 0:32:03]} Rh8 {[%clk 0:34:14]} 27. Bc3 {[%clk
0:32:03]} Kf7 {[%clk 0:32:52]} 28. Rh6 {[%clk 0:30:46]} Kg7 {[%clk 0:33:15]}
29. Rah1 {[%clk 0:29:50]} Raf8 {[%clk 0:33:25]} 30. Kf4 {[%clk 0:29:12]} Be8
{[%clk 0:30:34]} 31. Kxf5 {[%clk 0:26:05]} Bd7+ {[%clk 0:30:58]} 32. Kf4 {[%clk
0:26:20]} Be8 {[%clk 0:31:23]} 33. Bb4 {[%clk 0:24:40]} Rf7 {[%clk 0:31:02]}
34. g4 {[%clk 0:23:50]} Rc7 {[%clk 0:29:26]} 35. c3 {[%clk 0:09:13]} b6 {[%clk
0:22:59]} 36. f3 {[%clk 0:04:02]} a5 {[%clk 0:19:02]} 37. Bd6 {[%clk 0:03:53]}
Rd7 {[%clk 0:18:36]} 38. Rxf6 {[%clk 0:03:36]} Kxf6 {[%clk 0:04:48]} 39. Be5+
{[%clk 0:03:57]} Kg6 {[%clk 0:04:40]} 40. Bxh8 {[%clk 0:04:12]} Rxh7 {[%clk
0:04:55]} 41. Rxh7 {[%clk 0:04:20]} Kxh7 {[%clk 0:05:18]} 42. Bd4 {[%clk
0:02:16]} b5 {[%clk 0:01:20]} 43. Ke5 {[%clk 0:30:23]} Bc6 {[%clk 0:29:12]} 44.
Kf6 {[%clk 0:24:22]} Bd7 {[%clk 0:28:08]} 45. g5 {[%clk 0:22:37]} Be8 {[%clk
0:28:27]} 46. f4 {[%clk 0:22:50]} Bh5 {[%clk 0:28:17]} 47. f5 {[%clk 0:22:36]}
Be8 {[%clk 0:28:15]} 48. g6+ {[%clk 0:22:49]} Kg8 {[%clk 0:28:36]} 49. Ke7
{[%clk 0:18:16]} b4 {[%clk 0:28:52]} 50. Kxe8 {[%clk 0:18:35]} a4 {[%clk
0:28:22]} 51. f6 {[%clk 0:19:00]} 1-0

[Event "Deutsche Ländermeisterschaft 2019"]
[Site "Würzburg GER"]
[Date "2019.10.04"]
[Round "5"]
[White "Kempe, Caius Emilian"]
[Black "Bardorz, Jana"]
[Result "0-1"]
[Termination "normal"]
[Board "3.7"]
[WhiteElo "1835"]
[BlackElo "1929"]
[WhiteClock "00:40:18"]
[BlackClock "00:38:34"]
[WhiteTeam "Sachsen"]
[BlackTeam "Bayern 1"]
[PlyCount "58"]
[WhiteFideId "16246861"]
[BlackFideId "16208897"]
[EventCountry "GER"]
[EventRounds "7"]
[EventType "team-swiss"]
[EventDate "2019.10.01"]

1. d4 {[%clk 1:30:57]} Nf6 {[%clk 1:30:56]} 2. c4 {[%clk 1:31:21]} g6 {[%clk
1:31:21]} 3. Nc3 {[%clk 1:31:35]} Bg7 {[%clk 1:31:47]} 4. e4 {[%clk 1:31:58]}
d6 {[%clk 1:32:13]} 5. f3 {[%clk 1:32:09]} O-O {[%clk 1:32:30]} 6. Be3 {[%clk
1:32:33]} a6 {[%clk 1:32:15]} 7. Qd2 {[%clk 1:32:00]} Nbd7 {[%clk 1:32:30]} 8.
Nge2 {[%clk 1:31:27]} b5 {[%clk 1:32:06]} 9. cxb5 {[%clk 1:27:54]} axb5 {[%clk
1:32:29]} 10. Nxb5 {[%clk 1:27:46]} c6 {[%clk 1:32:40]} 11. Nbc3 {[%clk
1:24:58]} e5 {[%clk 1:31:46]} 12. Nc1 {[%clk 1:16:43]} d5 {[%clk 1:27:50]} 13.
exd5 {[%clk 1:12:32]} Nxd5 {[%clk 1:23:41]} 14. Nxd5 {[%clk 1:12:42]} cxd5
{[%clk 1:24:00]} 15. Be2 {[%clk 1:11:04]} Re8 {[%clk 1:10:30]} 16. O-O {[%clk
1:06:23]} Nb6 {[%clk 1:02:15]} 17. dxe5 {[%clk 1:02:26]} Bxe5 {[%clk 1:00:58]}
18. Bf2 {[%clk 0:53:03]} Nc4 {[%clk 0:52:44]} 19. Bxc4 {[%clk 0:53:03]} dxc4
{[%clk 0:53:09]} 20. Qb4 {[%clk 0:46:12]} Qc7 {[%clk 0:48:06]} 21. Bg3 {[%clk
0:45:12]} Bxg3 {[%clk 0:44:49]} 22. hxg3 {[%clk 0:45:05]} Qxg3 {[%clk 0:43:31]}
23. Qxc4 {[%clk 0:45:12]} Ba6 {[%clk 0:41:20]} 24. Qg4 {[%clk 0:43:00]} Qxg4
{[%clk 0:41:09]} 25. fxg4 {[%clk 0:43:28]} Bxf1 {[%clk 0:41:27]} 26. Kxf1
{[%clk 0:43:50]} Ra4 {[%clk 0:38:12]} 27. b3 {[%clk 0:40:01]} Rf4+ {[%clk
0:37:49]} 28. Kg1 {[%clk 0:39:52]} Re1+ {[%clk 0:38:13]} 29. Kh2 {[%clk
0:40:18]} Rff1 {[%clk 0:38:34]} 0-1

[Event "Deutsche Ländermeisterschaft 2019"]
[Site "Würzburg GER"]
[Date "2019.10.04"]
[Round "5"]
[White "Weber, Samuel"]
[Black "Wu, Luka"]
[Result "1-0"]
[Termination "normal"]
[Board "4.3"]
[WhiteElo "2288"]
[BlackElo "2117"]
[WhiteClock "00:29:52"]
[BlackClock "00:56:10"]
[WhiteTeam "Hessen"]
[BlackTeam "Baden 1"]
[PlyCount "96"]
[WhiteFideId "12924008"]
[BlackFideId "12977420"]
[EventCountry "GER"]
[EventRounds "7"]
[EventType "team-swiss"]
[EventDate "2019.10.01"]

1. e4 {[%clk 1:30:53]} c5 {[%clk 1:30:56]} 2. c4 {[%clk 1:31:15]} Nc6 {[%clk
1:25:53]} 3. g3 {[%clk 1:31:10]} g6 {[%clk 1:24:56]} 4. Bg2 {[%clk 1:30:38]}
Bg7 {[%clk 1:25:17]} 5. Ne2 {[%clk 1:30:44]} e6 {[%clk 1:25:26]} 6. Nbc3 {[%clk
1:30:16]} Nge7 {[%clk 1:25:28]} 7. O-O {[%clk 1:30:36]} O-O {[%clk 1:25:21]} 8.
Rb1 {[%clk 1:30:46]} Rb8 {[%clk 1:22:45]} 9. d3 {[%clk 1:29:23]} d6 {[%clk
1:22:25]} 10. Be3 {[%clk 1:26:37]} a6 {[%clk 1:22:29]} 11. a4 {[%clk 1:26:23]}
Qc7 {[%clk 1:21:23]} 12. Qd2 {[%clk 1:23:08]} Rd8 {[%clk 1:17:52]} 13. b3
{[%clk 1:21:16]} b6 {[%clk 1:17:35]} 14. d4 {[%clk 1:18:17]} e5 {[%clk
1:15:56]} 15. dxe5 {[%clk 1:15:24]} dxe5 {[%clk 1:16:12]} 16. Nd5 {[%clk
1:15:37]} Nxd5 {[%clk 1:15:30]} 17. cxd5 {[%clk 1:11:02]} Nd4 {[%clk 1:15:33]}
18. Nxd4 {[%clk 1:01:13]} cxd4 {[%clk 1:15:15]} 19. Bh6 {[%clk 1:01:37]} Qd6
{[%clk 1:10:24]} 20. Bxg7 {[%clk 0:52:16]} Kxg7 {[%clk 1:10:48]} 21. f4 {[%clk
0:52:36]} f6 {[%clk 1:10:57]} 22. Rf2 {[%clk 0:41:30]} Bd7 {[%clk 1:11:13]} 23.
Rbf1 {[%clk 0:38:15]} Rf8 {[%clk 1:10:59]} 24. h4 {[%clk 0:32:42]} b5 {[%clk
1:06:35]} 25. a5 {[%clk 0:16:27]} b4 {[%clk 1:05:54]} 26. h5 {[%clk 0:16:54]}
Rbc8 {[%clk 1:01:21]} 27. h6+ {[%clk 0:15:39]} Kg8 {[%clk 1:00:23]} 28. fxe5
{[%clk 0:11:36]} Qxe5 {[%clk 0:53:21]} 29. Qf4 {[%clk 0:11:12]} Bb5 {[%clk
0:51:41]} 30. Qxe5 {[%clk 0:04:42]} fxe5 {[%clk 0:52:05]} 31. Bh3 {[%clk
0:05:07]} Bxf1 {[%clk 0:50:30]} 32. Be6+ {[%clk 0:05:31]} Kh8 {[%clk 0:50:39]}
33. Bxc8 {[%clk 0:05:58]} Rxc8 {[%clk 0:50:17]} 34. Rxf1 {[%clk 0:05:19]} Kg8
{[%clk 0:45:21]} 35. Rf3 {[%clk 0:01:16]} d3 {[%clk 0:33:36]} 36. Kf2 {[%clk
0:00:34]} Rc2+ {[%clk 0:33:36]} 37. Ke3 {[%clk 0:00:34]} d2 {[%clk 0:33:21]}
38. Ke2 {[%clk 0:00:57]} Rc3 {[%clk 0:31:47]} 39. Rxc3 {[%clk 0:01:03]} bxc3
{[%clk 0:32:12]} 40. b4 {[%clk 0:01:29]} Kf7 {[%clk 0:23:53]} 41. b5 {[%clk
0:01:23]} axb5 {[%clk 0:24:14]} 42. a6 {[%clk 0:01:40]} b4 {[%clk 0:24:40]} 43.
a7 {[%clk 0:02:00]} b3 {[%clk 0:25:03]} 44. a8=Q {[%clk 0:01:44]} b2 {[%clk
0:25:22]} 45. Qb7+ {[%clk 0:01:12]} Kf6 {[%clk 0:25:47]} 46. Qb3 {[%clk
0:30:02]} Ke7 {[%clk 0:56:26]} 47. Qc2 {[%clk 0:30:11]} Kd6 {[%clk 0:56:10]}
48. Kd3 {[%clk 0:29:52]} Kxd5 1-0

[Event "Deutsche Ländermeisterschaft 2019"]
[Site "Würzburg GER"]
[Date "2019.10.04"]
[Round "5"]
[White "Visvikis, Kassandra"]
[Black "von Beckh, Frieda"]
[Result "1-0"]
[Termination "normal"]
[Board "4.8"]
[WhiteElo "1531"]
[BlackElo "1541"]
[WhiteClock "00:59:34"]
[BlackClock "00:40:39"]
[WhiteTeam "Baden 1"]
[BlackTeam "Hessen"]
[PlyCount "107"]
[WhiteFideId "36052167"]
[BlackFideId "16233751"]
[EventCountry "GER"]
[EventRounds "7"]
[EventType "team-swiss"]
[EventDate "2019.10.01"]

1. e4 {[%clk 1:30:59]} c5 {[%clk 1:30:49]} 2. Nf3 {[%clk 1:31:23]} Nc6 {[%clk
1:31:03]} 3. d4 {[%clk 1:31:46]} cxd4 {[%clk 1:31:28]} 4. Nxd4 {[%clk 1:32:12]}
g6 {[%clk 1:31:48]} 5. Nc3 {[%clk 1:32:38]} Bg7 {[%clk 1:32:13]} 6. Be3 {[%clk
1:33:02]} Nf6 {[%clk 1:32:35]} 7. Bc4 {[%clk 1:33:07]} O-O {[%clk 1:32:57]} 8.
Bb3 {[%clk 1:33:24]} d6 {[%clk 1:32:50]} 9. f3 {[%clk 1:33:40]} Bd7 {[%clk
1:32:51]} 10. Qd2 {[%clk 1:33:04]} Qc7 {[%clk 1:32:23]} 11. g4 {[%clk 1:31:12]}
a6 {[%clk 1:29:35]} 12. h4 {[%clk 1:31:26]} Rad8 {[%clk 1:28:49]} 13. h5 {[%clk
1:30:23]} Kh8 {[%clk 1:28:29]} 14. hxg6 {[%clk 1:29:49]} fxg6 {[%clk 1:28:41]}
15. Qh2 {[%clk 1:29:29]} Bc8 {[%clk 1:25:03]} 16. Nd5 {[%clk 1:29:47]} Qa5+
{[%clk 1:24:21]} 17. Bd2 {[%clk 1:27:43]} Nxd4 {[%clk 1:23:46]} 18. Qh3 {[%clk
1:27:42]} Qc5 {[%clk 1:21:20]} 19. Nxf6 {[%clk 1:27:31]} Nxf3+ {[%clk 1:20:09]}
20. Kd1 {[%clk 1:27:35]} h5 {[%clk 1:18:32]} 21. Nxh5 {[%clk 1:26:20]} Ng1
{[%clk 1:16:54]} 22. Qg2 {[%clk 1:23:58]} Bxg4+ {[%clk 1:15:03]} 23. Kc1 {[%clk
1:23:36]} Bxh5 {[%clk 1:13:27]} 24. Rxg1 {[%clk 1:23:07]} Qe5 {[%clk 1:11:50]}
25. c3 {[%clk 1:22:33]} e6 {[%clk 1:09:48]} 26. Qh1 {[%clk 1:17:46]} Kg8 {[%clk
1:07:41]} 27. Bd1 {[%clk 1:14:37]} Rf2 {[%clk 0:59:46]} 28. Bxh5 {[%clk
1:05:29]} Qxh5 {[%clk 0:58:30]} 29. Qxh5 {[%clk 1:05:30]} gxh5 {[%clk 0:58:44]}
30. Kc2 {[%clk 1:04:15]} Kf7 {[%clk 0:58:11]} 31. Kd3 {[%clk 1:03:56]} Rh8
{[%clk 0:56:29]} 32. Be3 {[%clk 1:03:28]} Rxb2 {[%clk 0:55:51]} 33. Raf1+
{[%clk 1:03:33]} Kg8 {[%clk 0:55:37]} 34. Rf6 {[%clk 1:01:45]} Rxa2 {[%clk
0:51:47]} 35. Bh6 {[%clk 1:01:37]} Rh7 {[%clk 0:50:32]} 36. Rfg6 {[%clk
1:01:57]} Rf2 {[%clk 0:48:34]} 37. Bxg7 {[%clk 1:01:59]} Kf7 {[%clk 0:48:20]}
38. Bd4 {[%clk 1:00:19]} Rb2 {[%clk 0:46:55]} 39. Rf6+ {[%clk 1:00:11]} Ke7
{[%clk 0:45:44]} 40. Rgg6 {[%clk 1:00:14]} e5 {[%clk 0:43:58]} 41. Re6+ {[%clk
0:59:49]} Kf7 {[%clk 0:43:18]} 42. Be3 {[%clk 0:59:47]} h4 {[%clk 0:41:21]} 43.
Bh6 {[%clk 0:59:53]} Rf2 {[%clk 0:40:52]} 44. Ke3 {[%clk 0:59:59]} Rf1 {[%clk
0:40:23]} 45. Ke2 {[%clk 1:00:22]} Rf4 {[%clk 0:40:05]} 46. Bxf4 {[%clk
1:00:17]} exf4 {[%clk 0:40:29]} 47. Rxd6 {[%clk 0:58:16]} h3 {[%clk 0:40:04]}
48. Rh6 {[%clk 0:58:33]} Kg7 {[%clk 0:39:58]} 49. Rxh7+ {[%clk 0:58:39]} Kxh7
{[%clk 0:40:19]} 50. Rd3 {[%clk 0:58:25]} a5 {[%clk 0:39:51]} 51. Rxh3+ {[%clk
0:58:49]} Kg6 {[%clk 0:40:16]} 52. Rh1 {[%clk 0:58:54]} Kg5 {[%clk 0:40:21]}
53. Kf3 {[%clk 0:59:19]} b5 {[%clk 0:40:39]} 54. Rb1 {[%clk 0:59:34]} 1-0

[Event "Deutsche Ländermeisterschaft 2019"]
[Site "Würzburg GER"]
[Date "2019.10.04"]
[Round "5"]
[White "Reitz, Theresa"]
[Black "Nguyen, Ha Thanh"]
[Result "1-0"]
[Termination "normal"]
[Board "6.5"]
[WhiteElo "1935"]
[BlackElo "2016"]
[WhiteClock "00:29:37"]
[BlackClock "00:38:36"]
[WhiteTeam "Rheinland-Pfalz"]
[BlackTeam "Thüringen"]
[PlyCount "93"]
[WhiteFideId "12971901"]
[BlackFideId "12942154"]
[EventCountry "GER"]
[EventRounds "7"]
[EventType "team-swiss"]
[EventDate "2019.10.01"]

1. e4 {[%clk 1:30:57]} c5 {[%clk 1:30:54]} 2. Nc3 {[%clk 1:31:20]} Nc6 {[%clk
1:31:15]} 3. Bb5 {[%clk 1:31:42]} Nd4 {[%clk 1:31:23]} 4. Bc4 {[%clk 1:32:03]}
e6 {[%clk 1:30:54]} 5. Nge2 {[%clk 1:32:18]} Nf6 {[%clk 1:29:57]} 6. O-O {[%clk
1:32:10]} a6 {[%clk 1:29:14]} 7. d3 {[%clk 1:32:25]} b5 {[%clk 1:28:32]} 8. Bb3
{[%clk 1:32:44]} Nxb3 {[%clk 1:28:13]} 9. axb3 {[%clk 1:33:06]} Bb7 {[%clk
1:28:32]} 10. Bg5 {[%clk 1:30:38]} Be7 {[%clk 1:19:53]} 11. f4 {[%clk 1:28:58]}
h6 {[%clk 1:12:26]} 12. Bxf6 {[%clk 1:27:30]} Bxf6 {[%clk 1:00:14]} 13. Ng3
{[%clk 1:24:39]} Bd4+ {[%clk 0:52:36]} 14. Kh1 {[%clk 1:21:39]} h5 {[%clk
0:52:39]} 15. Nge2 {[%clk 1:06:29]} Bf6 {[%clk 0:48:30]} 16. e5 {[%clk
0:58:44]} Be7 {[%clk 0:48:48]} 17. Ne4 {[%clk 0:55:33]} Qc7 {[%clk 0:47:22]}
18. Qd2 {[%clk 0:48:20]} h4 {[%clk 0:39:29]} 19. h3 {[%clk 0:48:23]} f5 {[%clk
0:38:13]} 20. N4c3 {[%clk 0:44:03]} Kf7 {[%clk 0:31:52]} 21. Ng1 {[%clk
0:42:37]} Rag8 {[%clk 0:30:05]} 22. Nf3 {[%clk 0:39:07]} g5 {[%clk 0:26:48]}
23. Nxg5+ {[%clk 0:38:18]} Bxg5 {[%clk 0:26:58]} 24. fxg5 {[%clk 0:38:38]} Rh5
{[%clk 0:27:16]} 25. Ne4 {[%clk 0:36:59]} Rg6 {[%clk 0:21:05]} 26. Qe2 {[%clk
0:30:27]} Rh8 {[%clk 0:20:55]} 27. Nd6+ {[%clk 0:25:50]} Ke7 {[%clk 0:20:48]}
28. Nxb7 {[%clk 0:26:00]} Qxb7 {[%clk 0:21:14]} 29. Qe3 {[%clk 0:24:04]} Qc8
{[%clk 0:21:01]} 30. Rf4 {[%clk 0:19:15]} Rxg5 {[%clk 0:13:19]} 31. Rxh4 {[%clk
0:14:53]} Rhg8 {[%clk 0:12:52]} 32. Rh7+ {[%clk 0:12:59]} Kd8 {[%clk 0:12:44]}
33. Qxg5+ {[%clk 0:11:28]} Rxg5 {[%clk 0:12:46]} 34. Rh8+ {[%clk 0:11:53]} Kc7
{[%clk 0:13:08]} 35. Rxc8+ {[%clk 0:12:17]} Kxc8 {[%clk 0:13:29]} 36. Rxa6
{[%clk 0:12:07]} f4 {[%clk 0:12:34]} 37. Ra5 {[%clk 0:11:55]} Rxe5 {[%clk
0:12:43]} 38. Rxb5 {[%clk 0:12:12]} d6 {[%clk 0:12:47]} 39. b4 {[%clk 0:06:31]}
Re1+ {[%clk 0:13:01]} 40. Kh2 {[%clk 0:06:38]} Re2 {[%clk 0:13:22]} 41. Kg1
{[%clk 0:04:53]} Rxc2 {[%clk 0:12:32]} 42. bxc5 {[%clk 0:04:58]} dxc5 {[%clk
0:11:43]} 43. b4 {[%clk 0:02:36]} cxb4 {[%clk 0:08:42]} 44. Rxb4 {[%clk
0:02:53]} e5 {[%clk 0:09:06]} 45. Rc4+ {[%clk 0:29:10]} Rxc4 {[%clk 0:38:31]}
46. dxc4 {[%clk 0:29:35]} Kc7 {[%clk 0:38:36]} 47. h4 {[%clk 0:29:37]} 1-0

[Event "Deutsche Ländermeisterschaft 2019"]
[Site "Würzburg GER"]
[Date "2019.10.04"]
[Round "5"]
[White "Greßler, Christian"]
[Black "Grining, Maria"]
[Result "0-1"]
[Termination "normal"]
[Board "8.6"]
[WhiteElo "1464"]
[BlackElo "1801"]
[WhiteClock "00:16:20"]
[BlackClock "00:21:42"]
[WhiteTeam "Mecklenburg-Vorpommern"]
[BlackTeam "Baden 2"]
[PlyCount "96"]
[WhiteFideId "16244907"]
[BlackFideId "16235037"]
[EventCountry "GER"]
[EventRounds "7"]
[EventType "team-swiss"]
[EventDate "2019.10.01"]

1. e4 {[%clk 1:30:58]} c6 {[%clk 1:30:58]} 2. d4 {[%clk 1:31:23]} d5 {[%clk
1:31:24]} 3. exd5 {[%clk 1:31:48]} cxd5 {[%clk 1:31:48]} 4. Bd3 {[%clk
1:32:13]} Nc6 {[%clk 1:31:46]} 5. c3 {[%clk 1:32:20]} Nf6 {[%clk 1:31:53]} 6.
h3 {[%clk 1:32:34]} g6 {[%clk 1:31:30]} 7. Nf3 {[%clk 1:32:22]} Qc7 {[%clk
1:31:10]} 8. O-O {[%clk 1:31:57]} Bg7 {[%clk 1:31:27]} 9. Re1 {[%clk 1:31:59]}
O-O {[%clk 1:31:39]} 10. Nbd2 {[%clk 1:30:39]} Re8 {[%clk 1:30:02]} 11. Nf1
{[%clk 1:29:19]} Nh5 {[%clk 1:21:13]} 12. Bg5 {[%clk 1:20:09]} Bd7 {[%clk
1:15:37]} 13. Qd2 {[%clk 1:20:06]} e5 {[%clk 0:56:44]} 14. Be2 {[%clk 1:08:29]}
exd4 {[%clk 0:53:08]} 15. Nxd4 {[%clk 1:08:21]} Nxd4 {[%clk 0:50:32]} 16. Bxh5
{[%clk 1:05:01]} Ne6 {[%clk 0:49:49]} 17. Bg4 {[%clk 0:59:42]} Nxg5 {[%clk
0:46:41]} 18. Qxg5 {[%clk 0:59:40]} Bc6 {[%clk 0:43:24]} 19. Bf3 {[%clk
0:54:19]} d4 {[%clk 0:42:03]} 20. Bxc6 {[%clk 0:54:05]} Qxc6 {[%clk 0:42:14]}
21. cxd4 {[%clk 0:53:32]} Bxd4 {[%clk 0:42:04]} 22. Ne3 {[%clk 0:44:41]} Bf6
{[%clk 0:36:00]} 23. Qg4 {[%clk 0:41:26]} Bxb2 {[%clk 0:31:21]} 24. Rab1 {[%clk
0:41:11]} Bg7 {[%clk 0:29:14]} 25. Rec1 {[%clk 0:40:22]} Qa6 {[%clk 0:19:08]}
26. Qd7 {[%clk 0:36:43]} Qxa2 {[%clk 0:15:33]} 27. Rxb7 {[%clk 0:31:23]} Rad8
{[%clk 0:14:28]} 28. Rxa7 {[%clk 0:29:43]} Qb3 {[%clk 0:11:35]} 29. Rb7 {[%clk
0:25:48]} Rxd7 {[%clk 0:07:18]} 30. Rxb3 {[%clk 0:25:56]} Bh6 {[%clk 0:06:48]}
31. Rc2 {[%clk 0:22:46]} Red8 {[%clk 0:05:00]} 32. Ng4 {[%clk 0:19:19]} Bg7
{[%clk 0:05:11]} 33. Kf1 {[%clk 0:17:01]} Rd1+ {[%clk 0:02:39]} 34. Ke2 {[%clk
0:17:18]} h5 {[%clk 0:02:22]} 35. Ne3 {[%clk 0:16:48]} R1d7 {[%clk 0:02:40]}
36. Rb1 {[%clk 0:14:10]} Re8 {[%clk 0:02:22]} 37. Rd2 {[%clk 0:12:52]} Rde7
{[%clk 0:01:23]} 38. Rd3 {[%clk 0:09:34]} Ra8 {[%clk 0:00:56]} 39. Rbd1 {[%clk
0:08:44]} Ra2+ {[%clk 0:00:42]} 40. Kf3 {[%clk 0:08:33]} Bh6 {[%clk 0:00:41]}
41. Rb1 {[%clk 0:02:25]} Kg7 {[%clk 0:27:00]} 42. g4 {[%clk 0:31:21]} hxg4+
{[%clk 0:26:06]} 43. hxg4 {[%clk 0:30:40]} Ra4 {[%clk 0:25:41]} 44. Rg1 {[%clk
0:28:18]} Bg5 {[%clk 0:23:45]} 45. Rb3 {[%clk 0:22:11]} Ree4 {[%clk 0:22:25]}
46. Rd3 {[%clk 0:17:53]} Rf4+ {[%clk 0:21:44]} 47. Ke2 {[%clk 0:17:43]} Ra2+
{[%clk 0:21:36]} 48. Kd1 {[%clk 0:16:20]} Rfxf2 {[%clk 0:21:42]} 0-1